000
00318nam a22001337a 4500
020
_a
9789380428529
082
_a
631.1
_b
KAL/FU
100
_a
Kale, M.U
245
_a
Fundamentals of agricultural engineering
260
_a
Delhi
_b
Narendra Publishing House
_c
2012
300
_a
456
700
_a
Supe, M.S
942
_c
BK
999
_c
13683
_d
13683